000 00287nam a22001337a 4500
008 170713b xxu||||| |||| 00| 0 eng d
020 _a9992711000
041 _aeng
080 _a038
100 _a23
101 _aFJA
245 _aGJUHA ITALIANE PA MESUES
_cTOCI,F
942 _2udc
_cBK
999 _c20426
_d20426